000 03010cam a2200373 a 4500
005 20031230185550.0
010 _aENG-101670 B-425192-203
020 _c795.00
_a9788184000931
035 _aEN-85203 B-425192-203
037 _bDBAD/PUB
037 _bRBC/VEN
082 _a641.5
100 1 _aPratibha Karan
_934766
245 1 0 _aBiryani/
_cby Pratibha Karan
260 _aNoida
_bRandom House India
_c2010
270 _aMind Mill Corporate Tower, 2nd Floor, Plot No 24A Sector 16A,
_bNoida
_e201301
300 1 _a200p.:
_c25cm (Hb)
_bill
700 _922431
942 _2ddc
_cEN
_mPRA
_h641.5
999 _c48278
_d48278